Szczegóły MARC21

Die Seele ... ist ein weites Land : kritische Beiträge zum Werk Arthur Schnitzlers /

003 -Nazwa inst., której nr kontr. jest w polu 001 [,]
    • @
    • Nazwa instytucji, której n kontrolny jest w polu 001
    • NUKAT
005 -DATA I CZAS OSTATNIEJ MODYFIKACJI [,]
    • @
    • pole kontrolne
    • 20241231085322.0
020 -Międzynarod. znormalizowany nr książki - ISBN [ , ]
    • a
    • Numer ISBN
    • 3906757528 Find
040 -Instytucja sporządzająca opis [ , ]
    • a
    • Instytucja, która sporządziła opis (NP)
    • TOR U/AB
    • c
    • Instytucja, która sporządziła rekord (NP)
    • TOR U/EC
    • d
    • Instytucja, która zmodyfikowała rekord (P)
    • TOR U/LF
    • d
    • Instytucja, która zmodyfikowała rekord (P)
    • WR U/dl
    • d
    • Instytucja, która zmodyfikowała rekord (P)
    • TOR U/AWZs
942 -Rodzaj dokumentu [ , ]
    • c
    • Rodzaj dokumentu
    • Książka
245 -Strefa tytułu i oznaczenia odpowiedzialności [0,4]
    • a
    • Tytuł
    • Die Seele ... ist ein weites Land : Find
    • b
    • Ciąg dalszy tytułu (NP)
    • kritische Beiträge zum Werk Arthur Schnitzlers / Find
    • c
    • Pozostałe elementy strefy tytułu i oznaczenia odpowiedzialności (NP)
    • hrsg. von Joseph P. Strelka.
260 -Strefa adresu wydawniczego [ , ]
    • a
    • Miejsce wydania (P)
    • Bern [etc.] :
    • b
    • Nazwa wydawcy (P)
    • Peter Lang,
    • c
    • Data wydania (P)
    • 1997.
300 -Strefa opisu fizycznego [ , ]
    • a
    • Określenie formy książki i/lub objętość (NP)
    • 201 s. :
    • b
    • Oznaczenie ilustracji (NP)
    • il. ;
    • c
    • Format (NP)
    • 22 cm.
336 -Typ zawartości [ , ]
    • a
    • Termin opisujący typ zawartości
    • Tekst
    • b
    • Kod określający zawartość
    • txt
    • 2
    • Źródło (terminu i kodu)
    • rdacontent
337 -Typ mediów [ , ]
    • a
    • Tryb odtwarzania
    • Bez urządzenia pośredniczącego
    • b
    • Kod typu mediów
    • n
    • 2
    • Źródło (terminu i kodu)
    • rdamedia
338 -Typ/rodzaj nośnika [ , ]
    • a
    • Hasło opisujące typ nośnika
    • Wolumin
    • b
    • Kod typu nośnika
    • nc
    • 2
    • Źródło (terminu i kodu)
    • rdacarrier
490 -Strefa serii i książki wielotomowej - forma nie do wyszukiwania [1, ]
    • a
    • Tytuł (P)
    • New Yorker Beiträge zur Österreichischen Literaturgeschichte ; Find
    • v
    • Numeracja (P)
    • Bd. 8
830 -Hasło dodatkowe serii i opisu książki wielotomowej - tytuł ujednolicony/tytuł [ ,0]
    • a
    • Tytuł ujednolicony/tytuł (NP)
    • New Yorker Beiträge zur Österreichischen Literaturgeschichte
    • x
    • ISSN
    • 0945-4047
    • v
    • Oznaczenie tomu (NP)
    • Bd. 8
    • 9
    • KHW
    • 420740
080 -Uniwersalna Klasyfikacja Dziesiętna [ , ]
    • a
    • Symbol klasyfikacji
    • 830(091)Schnitzler A.=30
600 -Hasło przedmiotowe w formie nazwy osobowej [1,7]
    • a
    • Nazwa osobowa
    • Schnitzler, Arthur
    • d
    • Daty związane z nazwą
    • (1862-1931)
    • x
    • Określnik rzeczowy
    • krytyka i interpretacja.
    • 2
    • Źródło terminu
    • kaba
    • 9
    • KHW
    • 485741
980 -Symbol UKD [ , ]
    • a
    • UKD
    • 830(091)Schnitzler A.=30
700 -Hasło dodatkowe - nazwa osobowa [1, ]
    • a
    • Nazwa osobowa (NP)
    • Strelka, Joseph Find
    • d
    • Daty biograficzne (NP)
    • (1927-2022).
    • e
    • Określenie rodzaju współpracy
    • Red.
    • 9
    • KHW
    • 8046
920 -ISBN [ , ]
    • a
    • ISBN
    • 3-906757-52-8 Find
Sygnatura Status udost. Lokalizacja Data inwentaryzacji Numer inwentarzowy
Germ.Literaturozn.-Schnitzler 01-3BM2001-05-15G.15655